Giấc mớ hóa rồng : Kinh tế Việt Nam trong 25 năm mở cửa và đổi mới

Ghi lại các sự kiện kinh tế chính trị xã hội diễn ra trong suốt 25 năm qua, từ chiến lược thời mở cửa đến xây dựng cơ chế thị trường, hội nhập kinh tế và phân tích vai trò của những yếu tố phi kinh tế...

全面介紹

Đã lưu trong:
書目詳細資料
主要作者: Huỳnh, Bửu Sơn
格式: 圖書
語言:Undetermined
出版: Hà Nội Thế giới 2016
主題:
標簽: 添加標簽
沒有標簽, 成為第一個標記此記錄!
Thư viện lưu trữ: Trung tâm Học liệu Trường Đại học Cần Thơ
LEADER 01024nam a2200229Ia 4500
001 CTU_207631
008 210402s9999 xx 000 0 und d
020 |c 129000 
082 |a 330.9597 
082 |b S464 
100 |a Huỳnh, Bửu Sơn 
245 0 |a Giấc mớ hóa rồng : 
245 0 |b Kinh tế Việt Nam trong 25 năm mở cửa và đổi mới 
245 0 |c Huỳnh Bửu Sơn 
260 |a Hà Nội 
260 |b Thế giới 
260 |c 2016 
520 |a Ghi lại các sự kiện kinh tế chính trị xã hội diễn ra trong suốt 25 năm qua, từ chiến lược thời mở cửa đến xây dựng cơ chế thị trường, hội nhập kinh tế và phân tích vai trò của những yếu tố phi kinh tế 
650 |a Việt Nam,Vietnam 
650 |x Điều kiện kinh tế,Economic conditions 
904 |i Hải 
980 |a Trung tâm Học liệu Trường Đại học Cần Thơ